| 000 | 01470cam a2200325 a 4500 | ||
|---|---|---|---|
| 999 |
_c173127 _d173127 |
||
| 001 | 11807893 | ||
| 003 | Nust | ||
| 005 | 20170119090939.0 | ||
| 008 | 991012r20001946nyu j 000 0 eng | ||
| 010 | _a 99052851 | ||
| 020 | _a9695160891 (pbk.) | ||
| 040 |
_aDLC _cDLC _dDLC |
||
| 042 | _alcac | ||
| 050 | 0 | 0 |
_aPZ8.1.M247 _bRo 2000 |
| 082 | 0 | 0 |
_a398.2094202 _bMCS |
| 100 | 1 |
_aMcSpadden, J. Walker _q(Joseph Walker), _d1874-1960. |
|
| 245 | 1 | 0 |
_aRobin Hood / _cJ. Walker McSpadden. |
| 260 |
_aMineola, N.Y. : _bDover Publications, _c2000. |
||
| 300 |
_aiv, 222 p. ; _c22 cm. |
||
| 440 | 0 | _aDover juvenile classics | |
| 500 | _aAbridgement of: Robin Hood and his merry outlaws / by J. Walker McSpadden. 1904. | ||
| 504 | _aIncludes bibliographical note | ||
| 520 | _aRecounts the legend of Robin Hood, who plundered the king's purse and poached his deer and whose generosity endeared him to the poor. | ||
| 600 | 0 | 0 |
_aRobin Hood _c(Legendary character) _vLegends. |
| 600 | 0 | 1 |
_aRobin Hood _c(Legendary character) _vLegends. |
| 650 | 1 |
_aFolklore _zEngland. |
|
| 700 | 1 |
_aMcSpadden, J. Walker _q(Joseph Walker), _d1874-1960. _tRobin Hood and his merry outlaws. |
|
| 856 | 4 | 2 |
_3Publisher description _uhttp://www.loc.gov/catdir/description/dover032/99052851.html |
| 906 |
_a7 _bcbc _corignew _d1 _eocip _f19 _gy-gencatlg |
||
| 942 |
_2ddc _cBK |
||